RELIABILITY AND MAINTAINABILITY OF ELECTRONIC SYSTEM (Record no. 580479)
[ view plain ]
| 000 -LEADER | |
|---|---|
| fixed length control field | 00315nam a22001217a 4500 |
| 020 ## - INTERNATIONAL STANDARD BOOK NUMBER | |
| International Standard Book Number | 0-273-01476-5 |
| 082 ## - DEWEY DECIMAL CLASSIFICATION NUMBER | |
| Classification number | 621.381 REL'A |
| 100 ## - MAIN ENTRY--PERSONAL NAME | |
| Personal name | ARSENAULT, J.A,ROBERT, J.A |
| 9 (RLIN) | 74978 |
| 245 ## - TITLE STATEMENT | |
| Title | RELIABILITY AND MAINTAINABILITY OF ELECTRONIC SYSTEM |
| 260 ## - PUBLICATION, DISTRIBUTION, ETC. | |
| Place of publication, distribution, etc. | USA |
| Name of publisher, distributor, etc. | PITMAN |
| Date of publication, distribution, etc. | 1980 |
| 300 ## - PHYSICAL DESCRIPTION | |
| Extent | XIII,584P |
| 942 ## - ADDED ENTRY ELEMENTS (KOHA) | |
| Koha item type | Book |
| Withdrawn status | Lost status | Damaged status | Not for loan | Permanent Location | Current Location | Shelving location | Date acquired | Total Checkouts | Full call number | Barcode | Date last seen | Price effective from | Koha item type |
|---|---|---|---|---|---|---|---|---|---|---|---|---|---|
| College of Electrical & Mechanical Engineering (CEME) | College of Electrical & Mechanical Engineering (CEME) | General Stacks | 05/12/2017 | 621.381 REL'A | CEME-14631 | 06/28/2021 | 06/28/2021 | Book |
